| 000 | 00785nam a2200205 i 4500 | ||
|---|---|---|---|
| 001 | 36970 | ||
| 003 | ES-MaACL | ||
| 005 | 20250716025354.0 | ||
| 007 | t| | ||
| 008 | 030219s1911 fr ||||1| fre d | ||
| 100 | 1 |
_aBrunetière, Ferdinand. _932173 |
|
| 245 | 1 | 0 |
_aÉtudes sur le XVIIIe siècle / _cFerdinand Brunetière. |
| 260 |
_aParís : _bHachette, _c1911 ( _eCorbeil : _fCrété) |
||
| 300 |
_a296 p. ; _c19 cm. |
||
| 505 | 8 | _aContiene: Voltaire - Publications sur le XVIIIe siècle - Les philosophes et la société française - Huit leçons sur les origines de l'esprit encyclopédique | |
| 600 | 0 | 4 |
_aVoltaire, _d1694-1778 _9115721 |
| 650 | 4 |
_aLiteratura francesa- _yS.XVIII- _vHistoria y crítica. _914592 |
|
| 852 |
_aES-MaACL _jF-8425 |
||
| 999 |
_c36970 _d36970 |
||